Эксимерный излучатель низкого давления для спектральной области 170-310 нм; Приборы и техника эксперимента; № 1

Podrobná bibliografie
Parent link:Приборы и техника эксперимента/ Российская академия наук.— , 1956-.— 0032-8162
№ 1.— 2002.— с. 104-106
Další autoři: Шуаибов А. К., Шимон Л. Л., Дащенко А. И., Шевера И. В.
Jazyk:ruština
Vydáno: 2002
Edice:Общая экспериментальная техника
Témata:
Médium: MixedMaterials Kapitola
KOHA link:https://koha.lib.tpu.ru/cgi-bin/koha/opac-detail.pl?biblionumber=426995

MARC

LEADER 00000naa2a2200000 4500
001 426995
005 20231101074619.0
035 |a (RuTPU)RU\TPU\prd\86099 
035 |a RU\TPU\prd\2990 
090 |a 426995 
100 |a 20100902a2002 k y0rusy50 ca 
101 0 |a rus 
102 |a RU 
200 1 |a Эксимерный излучатель низкого давления для спектральной области 170-310 нм  |f А. К. Шуаибов, Л. Л. Шимон, А. И. Дащенко, И. В. Шевера 
225 1 |a Общая экспериментальная техника 
320 |a Библиогр.: 9 назв. 
461 1 |0 (RuTPU)RU\TPU\prd\300  |x 0032-8162  |t Приборы и техника эксперимента  |f Российская академия наук  |d 1956- 
463 1 |0 (RuTPU)RU\TPU\prd\86079  |t № 1  |v с. 104-106  |d 2002 
610 1 |a излучатели 
610 1 |a разряды 
610 1 |a галогениды газов 
610 1 |a постоянный ток 
610 1 |a эксимерные лампы 
610 1 |a спектральная область 
610 1 |a труби малого диаметра 
675 |a 537.525  |v 3 
675 |a 621.373  |v 3 
701 1 |a Шуаибов  |b А. К. 
701 1 |a Шимон  |b Л. Л. 
701 1 |a Дащенко  |b А. И. 
701 1 |a Шевера  |b И. В. 
801 1 |a RU  |b 63413507  |c 20020411  |g PSBO 
801 2 |a RU  |b 63413507  |c 20100902  |g PSBO 
942 |c BK